Slovenské subjekty v programe Ľudia v 7. rámcovom programe

Analýza účasti slovenských subjektov v 7. rámcovom programe EÚ pre výskum, vývoj technológií a demonštračné aktivity.

Saved in:
Bibliographic Details
Main Author: Kopkáš, Peter
Format: Book Chapter
Language:Slovak
Subjects:
Tags: Add Tag
No Tags, Be the first to tag this record!

MARC

LEADER 00000naa a2200000 4500
001 0193766
005 20240502073238.1
041 0 |a slo 
044 |a SK 
245 1 0 |a Slovenské subjekty v programe Ľudia v 7. rámcovom programe  |c Peter Kopkáš 
520 |a Analýza účasti slovenských subjektov v 7. rámcovom programe EÚ pre výskum, vývoj technológií a demonštračné aktivity. 
610 2 0 |a politika zamestnanosti 
610 2 0 |a podnik 
610 2 0 |a kariéra 
610 2 0 |a výskum 
100 1 |a Kopkáš, Peter